[Event "Wch U10 Girls"]
[Site "Batumi"]
[Date "2022.09.19"]
[Round "4"]
[White "Tong, Thai Hoang An"]
[Black "Xu, Luna Yuexiu"]
[Result "1-0"]
[WhiteElo "1238"]
[BlackElo "1421"]
[PlyCount "77"]
[EventDate "2022.09.16"]
[EventType "swiss"]
[EventRounds "11"]
[EventCountry "GEO"]
[SourceTitle "EXT 2023"]
[Source "ChessBase"]
[SourceDate "2022.10.05"]
[SourceVersion "1"]
[SourceVersionDate "2022.10.05"]
[SourceQuality "1"]

1. d4 Nf6 2. c4 g6 3. Nc3 Bg7 4. e4 d6 5. f3 0-0 6. Bg5 e5 7. dxe5 dxe5 8. Qxd8 Rxd8 9. Nd5 Rxd5 10. cxd5 Nbd7 11. Rc1 Ne8 12. Bd3 Bf8 13. Be3 a6 14. Ne2 Bb4+ 15. Kf2 b6 16. a3 Bc5 17. Bb1 a5 18. Rhf1 Ba6 19. Bxc5 Nxc5 20. Ke3 Nb3 21. Rc3 Nd4 22. Bd3 Bxd3 23. Kxd3 Nb5 24. Rc2 a4 25. f4 exf4 26. Rxf4 Ng7 27. Nd4 Nxd4 28. Kxd4 Ne8 29. e5 Rd8 30. Rcf2 Rd7 31. e6 c5+ 32. Kc3 fxe6 33. Rf8+ Kg7 34. dxe6 Re7 35. R8f7+ Rxf7 36. exf7 Kf8 37. fxe8Q+ Kxe8 38. Kc4 Kd7 39. Kb5 1-0

[Event "VIE-ch (Women)"]
[Site "Ho Chi Minh City"]
[Date "2021.03.26"]
[Round "4"]
[White "Tong, Thai Hoang An"]
[Black "Le, La Tra My"]
[Result "0-1"]
[WhiteElo "1224"]
[BlackElo "1851"]
[PlyCount "68"]
[EventDate "2021.03.24"]
[EventType "swiss"]
[EventRounds "9"]
[EventCountry "VIE"]
[SourceTitle "EXT 2022"]
[Source "ChessBase"]
[SourceDate "2021.10.06"]
[SourceVersion "1"]
[SourceVersionDate "2021.10.06"]
[SourceQuality "1"]

1. e4 c6 2. d4 d5 3. e5 Bf5 4. h4 h6 5. g4 Bd7 6. f4 e6 7. Ne2 c5 8. c3 Qb6 9. a3 Nc6 10. b4 cxd4 11. cxd4 Rc8 12. Bb2 a5 13. Nd2 axb4 14. a4 Na5 15. Nb3 Nc4 16. Bc1 Ne7 17. Bg2 Nc6 18. Qd3 N6a5 19. 0-0 Nxb3 20. Qxb3 Be7 21. h5 Na5 22. Qf3 b3 23. Rb1 Bxa4 24. f5 Nc4 25. fxe6 fxe6 26. Qf7+ Kd7 27. Nc3 Qxd4+ 28. Kh1 Qxc3 29. Bxd5 Qh3+ 30. Kg1 Qxg4+ 31. Bg2 Bc6 32. Rf2 Rhf8 33. Qg6 Qxg6 34. hxg6 Bc5 0-1

[Event "VIE-ch (Women)"]
[Site "Hanoi"]
[Date "2020.10.07"]
[Round "4"]
[White "Dong, Khanh Linh"]
[Black "Tong, Thai Hoang An"]
[Result "1-0"]
[WhiteElo "2019"]
[BlackElo "1220"]
[PlyCount "73"]
[EventDate "2020.10.05"]
[EventType "swiss"]
[EventRounds "9"]
[EventCountry "VIE"]
[SourceTitle "EXT 2022"]
[Source "ChessBase"]
[SourceDate "2021.10.06"]
[SourceVersion "1"]
[SourceVersionDate "2021.10.06"]
[SourceQuality "1"]

1. d4 d5 2. c4 e6 3. Nf3 Nf6 4. e3 c6 5. Bd3 Nbd7 6. Nbd2 dxc4 7. Nxc4 b5 8. Nce5 Bb7 9. 0-0 a6 10. a4 Be7 11. Nxf7 Kxf7 12. Ng5+ Ke8 13. Nxe6 Qb8 14. Nxg7+ Kf7 15. Nf5 h5 16. Qb3+ Kf8 17. e4 Ng8 18. Qe6 Qe8 19. Bf4 Qf7 20. Qxd7 Bb4 21. Bd6+ Bxd6 22. Qxf7+ Kxf7 23. Nxd6+ Ke6 24. Nxb7 Nf6 25. Nc5+ Ke7 26. axb5 axb5 27. e5 Nd5 28. f4 Rhg8 29. Rxa8 Rxa8 30. f5 Ne3 31. f6+ Kf7 32. e6+ Kf8 33. Nd7+ Kg8 34. f7+ Kg7 35. f8Q+ Rxf8 36. Rxf8 Nd5 37. Rf7+ 1-0

[Event "VIE-ch (Women)"]
[Site "Hanoi"]
[Date "2020.10.05"]
[Round "1"]
[White "Tong, Thai Hoang An"]
[Black "Nguyen, Ngoc Thuy Trang"]
[Result "0-1"]
[WhiteElo "1220"]
[BlackElo "1953"]
[PlyCount "68"]
[EventDate "2020.10.05"]
[EventType "swiss"]
[EventRounds "9"]
[EventCountry "VIE"]
[SourceTitle "EXT 2022"]
[Source "ChessBase"]
[SourceDate "2021.10.06"]
[SourceVersion "1"]
[SourceVersionDate "2021.10.06"]
[SourceQuality "1"]

1. e4 c5 2. Nf3 d6 3. d4 cxd4 4. Nxd4 Nf6 5. Nc3 g6 6. Be3 Bg7 7. f3 0-0 8. Qd2 Nc6 9. Be2 d5 10. exd5 Nxd5 11. Nxc6 bxc6 12. Nxd5 cxd5 13. 0-0-0 Bb7 14. h4 Rb8 15. Bh6 Bf6 16. Bxf8 Qxf8 17. h5 Bc8 18. Qxd5 Qh6+ 19. Rd2 Bxb2+ 20. Kd1 Bc3 21. Bf1 Rb1+ 22. Ke2 Ba6+ 23. Kf2 Qxd2+ 24. Qxd2 Bxd2 25. hxg6 hxg6 26. g4 Rxf1+ 27. Rxf1 Bxf1 28. Kxf1 Kg7 29. Ke2 Bf4 30. c4 Kf6 31. Kd3 Ke6 32. Ke4 Bc7 33. f4 Kd6 34. Kd4 Bb6+ 0-1

[Event "VIE-chT (Women)"]
[Site "Bac Giang"]
[Date "2020.06.06"]
[Round "1.16"]
[White "Tong, Thai Hoang An"]
[Black "Nguyen, Hong Anh"]
[Result "0-1"]
[WhiteElo "1220"]
[BlackElo "1436"]
[PlyCount "84"]
[EventDate "2020.06.06"]
[EventType "swiss"]
[EventRounds "9"]
[EventCountry "VIE"]
[SourceTitle "CBM 197 Extra"]
[Source "ChessBase"]
[SourceDate "2020.09.30"]
[SourceVersion "1"]
[SourceVersionDate "2020.09.30"]
[SourceQuality "1"]

1. e4 c5 2. Nf3 d6 3. d4 cxd4 4. Nxd4 Nf6 5. Nc3 g6 6. Bc4 Bg7 7. Bg5 0-0 8. Qd2 Nc6 9. 0-0-0 Nxe4 10. Nxc6 Nxd2 11. Nxd8 Nxc4 12. Bxe7 Re8 13. Nd5 Bxb2+ 14. Kb1 Bd7 15. Bf6 Ba3 16. Rd4 Nb6 17. Nxb6 axb6 18. Nxb7 Bc6 19. Nd8 Bxg2 20. Rg1 Be4 21. Rc4 Bd5 22. Rc7 Raxd8 23. Bxd8 Rxd8 24. Re1 Bc5 25. f4 Ra8 26. Kb2 Rxa2+ 27. Kc3 Ra4 28. Rf1 Ra3+ 29. Kd2 Rh3 30. Re1 Rxh2+ 31. Kc1 Be6 32. Kb2 b5 33. Rb7 b4 34. Rb8+ Kg7 35. Rb7 Bd5 36. Rd7 b3 37. Rc1 Be3 38. Re1 Rxc2+ 39. Kb1 Bxf4 40. Rd1 Be4 41. R1xd6 Rd2+ 42. Kc1 b2# 0-1